000 00668nam a22002177a 4500
003 UA-OsUOA
001 88438
007 ta
008 20121005b un ||||| |||| 00| 0 ukr d
090 _a82.09(091)
_bД73
942 _cBK
040 _aUA-OsUOA
_brus
_cUA-OsUOA
_dUA-OsUOA
245 _aДревлехранилище Пушкинского дома (литература 1965 - 1974 гг.)
_cСост. Малышев В. И.
300 _a134 с.
955 _a1
041 _arus
080 _a82.09(091)
260 _aЛенинград
_bНаука
_c1978
650 7 _a82 Література. Літературознавство
_2UDC
999 _c374859
_d374859